CORPORATE ENTREPRENEURSHIP HOW TO CREATE A THRIVING ENTREPR (Record no. 32589)

MARC details
000 -LEADER
fixed length control field 00360nam a2200133Ia 4500
008 - FIXED-LENGTH DATA ELEMENTS--GENERAL INFORMATION
fixed length control field 240624s9999 xx 000 0 und d
041 ## - LANGUAGE CODE
Language code of text/sound track or separate title eng
082 ## - DEWEY DECIMAL CLASSIFICATION NUMBER
Classification number 658.421 HIS
100 ## - MAIN ENTRY--PERSONAL NAME
Personal name HISRICH ROBERT
245 ## - TITLE STATEMENT
Title CORPORATE ENTREPRENEURSHIP HOW TO CREATE A THRIVING ENTREPR
260 ## - PUBLICATION, DISTRIBUTION, ETC.
Date of publication, distribution, etc. 2012
Place of publication, distribution, etc. New York
Name of publisher, distributor, etc. McGraw-Hill
300 ## - PHYSICAL DESCRIPTION
Extent 337p. ;23cm.
365 ## - TRADE PRICE
Currency code RS
Price amount 33
Holdings
Withdrawn status Lost status Damaged status Not for loan Home library Current library Shelving location Date acquired Full call number Barcode Date last seen Copy number Price effective from Koha item type
        IMTN IMTN Rack 32-A 01/07/2022 658.421 HIS 32589 01/16/2025 1 06/24/2024 Books
Designed & Maintained by: LRC IMT Nagpur Contact: lrc@imtnag.ac.in© 2024. All Rights Reserved.